000 00571nam a2200241Ia 4500
003 OSt
005 20221007082601.0
006 a|||||r|||| 00| 0
007 ta
008 221006b |||||||| |||| 00| 0 eng d
020 _c400
024 _a7,479
037 _cTextual
040 _aFLL
_cFLL
_beng
041 _2eng
_aeng
082 _aY:15:(Z), N9
100 _aSarkar Lotika
_9311919
245 0 _aEngendering law
260 _c1999
300 _axv,415p
_ccm.
942 _hY:15:(Z), N9
_cTEXL
_2CC
999 _c1166950
_d1166950